LDR 01350naa#a2200169#i#450# 001 RU\\bibl\122172 005 20260430025712.4 011 ## _a2074-1626 100 ## _a20260416b2026####ek#y0rusy0150####ca 102 ## _aRU 200 1# _aПРАВОВЫЕ ОГРАНИЧЕНИЯ, УСТАНОВЛЕННЫЕ ЗАКОНОДАТЕЛЬСТВОМ В ОТНОШЕНИИ ВОЕННОСЛУЖАЩИХ ВОЙСК НАЦИОНАЛЬНОЙ ГВАРДИИ РОССИЙСКОЙ ФЕДЕРАЦИИ _eЖурнальная статья 210 1# _aСанкт-Петербург _cСанкт-Петербургский университет Государственной противопожарной службы Министерства Российской Федерации по делам гражданской обороны, чрезвычайным ситуациям и ликвидации последствий стихийных бедствий имени Героя Российской Федерации генерала армии Е.Н. Зиничева _d2026 215 ## _a11 с. 608 ## _aЖурнальная статья _2local 675 ## _aПраво в целом. Пропедевтика. Методы и вспомогательные правовые науки. 340 _z 700 #1 _aАврамов _gСтепан Олегович 856 4# _ajournals.igps.ru _u